000 00940nam a2200241 i 4500
001 127120
003 ES-MaACL
005 20250302001919.0
007 t|
008 161130s2001 sw a |||| |dspa d
080 _a75 Rodríguez-Acosta, Miguel (064.3)
100 1 _aRodríguez-Acosta, Miguel,
_d1927-2025
_998314
245 1 0 _aVind från syd
_b: elegi till Strindberg = Viento del sur : elegía a Strindberg : 5 maj-5 juni 2001, Färg och Form /
_cMiguel Rodríguez-Acosta Carlström.
246 1 1 _aViento del sur
_b: elegía a Strindberg
260 _a[Stockholm] :
_bFärg och Form,
_c[2001] (
_eMadrid :
_fJulio Soto)
300 _a52 p. :
_bprincipalmente il. col. ;
_c24 cm.
546 _aTexto en sueco y español.
600 1 4 _aRodríguez-Acosta, Miguel,
_d1927-2025
_998314
655 7 _2tgfbne
_9193628
_aCatálogos de exposiciones
852 _aES-MaACL
_j2333-F-10
942 _2udc
999 _c127120
_d127120